La morte non fa rumore /
Spremljeno u:
| Glavni autor: | |
|---|---|
| Daljnji autori: | |
| Format: | Knjiga |
| Jezik: | talijanski |
| Izdano: |
Milano :
Feltrinelli,
2018
|
| Serija: | Narratori
|
| Oznake: |
Bez oznaka, Budi prvi tko označuje ovaj zapis!
|
MARC
| LEADER | 00000nam a22000007i 4500 | ||
|---|---|---|---|
| 001 | IT\ICCU\RT1\0100233 | ||
| 003 | ItRI | ||
| 005 | 20260115232043.0 | ||
| 008 | 181109s2018 it |||||| |||||1|||||c | ||
| 020 | |a 9788807033162 | ||
| 040 | |b ita |c importazione bologna sebina | ||
| 041 | 7 | |a ita |2 ISO-639-2 | |
| 082 | |a 833.92 |9 NARRATIVA TEDESCA, 1990- |2 23 | ||
| 100 | 1 | |a Kutscher, Volker |0 IT\ICCU\LO1V\354706 | |
| 240 | 1 | 4 | |a Der stumme Tod |3 IT\ICCU\RT1\1007275 |9 Kutscher, Volker |
| 245 | 1 | 3 | |a La morte non fa rumore / |c Volker Kutscher ; traduzione di Lucia Ferrantini. |
| 260 | |a Milano : |b Feltrinelli, |c 2018 | ||
| 300 | |a 525 p. ; |c 22 cm. | ||
| 700 | 1 | |a Ferrantini, Lucia |0 IT\ICCU\MODV\643368 |4 trl | |
| 830 | 0 | |a Narratori |0 IT\ICCU\CFI\0062300 | |
| 942 | |2 ddc |c BK |n 0 | ||
| 952 | |0 0 |1 0 |4 0 |6 DOC_833_920000000000000_KUT |7 0 |9 19254 |a BO |b BO |d 2026-01-15 |i 19195 |l 0 |o DOC 833.92 KUT |p BO19195 |r 2026-01-15 23:20:44 |w 2026-01-15 |x [Sebina 5] [1 v.] |y BK |z 1 v. | ||
| 999 | |c 16386 |d 16386 | ||